00417nam a2200109Ia 4500008004100000050001900041100003400060245009000094260007800184300003300262521001200295140724s9999 xx 000 0 und d aHF 5686b.G284 aGawaran, Mari Luise Astina C. a"Haengboghan bath house" :bkorean public bath house /cMari Luise Astina C. Gawaran. aLas Piñas, Philippines :bSouthville International School and Colleges, a34 p. :bcol. Ill. ;c28 cm. aTourism